Pernštejnové v evropských dějinách
| Titel: | Pernštejnové v evropských dějinách = The house of Pernstein in European history / Pavel Marek, Petr Vorel a kol. |
|---|---|
| Verfasser: | ; |
| Veröffentlicht: | Červený Kostelec : Pavel Mervart, 2023 |
| Umfang: | 327 Seiten : Illustrationen, Porträts, Karten ; 24 cm |
| Format: | Buch |
| Sprache: | Tschechisch; Deutsch |
| ISBN: | 9788074656330 |
| Hinweise zum Inhalt: |
Inhaltsverzeichnis
Buch Bibliographie Cover Abstract |
alg: 52557179 001A $03004:27-01-25 001B $01999:04-12-25 $t22:17:45.000 001D $03004:27-01-25 001U $0utf8 001X $00 002@ $0Aau 002C $aText $btxt $2rdacontent 002D $aohne Hilfsmittel zu benutzen $bn $2rdamedia 002E $aBand $bnc $2rdacarrier 003@ $0525571795 004A $A978-80-7465-633-0 006C $01466908489 $aOCoLC 007A $0BV049760384 $aBVB 007G $0DE020C1320913A4A61312C1258C2600388FA2 009P $qapplication/pdf $A2 $3Inhaltsverzeichnis $uhttp://scans.hebis.de/HEBCGI/show.pl?52557179_toc.pdf $mV:DE-603;B:DE-Mb50 009P $qapplication/pdf $A2 $3Buch Bibliographie $uhttp://scans.hebis.de/HEBCGI/show.pl?52557179_bib.pdf $mV:DE-603;B:DE-Mb50 009P $qapplication/pdf $A2 $3Cover $uhttp://scans.hebis.de/HEBCGI/show.pl?52557179_cov.pdf $mV:DE-603;B:DE-Mb50 009P $qapplication/pdf $A2 $3Abstract $uhttp://scans.hebis.de/HEBCGI/show.pl?52557179_sum.pdf $mV:DE-603;B:DE-Mb50 010@ $acze $ager 010E $erda 011@ $a2023 $n2023 021A $aPernštejnové v evropských dějinách $fThe house of Pernstein in European history $hPavel Marek, Petr Vorel a kol. 028A $BVerfasser $4aut $713288920X $8Marek, Pavel$Z1949- [Tp1] $9186017758 028C $BVerfasser $4aut $7133918637 $8Vorel, Petr$Z1963- [Tp1] $9194965333 033A $pČervený Kostelec $nPavel Mervart 034D $a327 Seiten 034I $a24 cm 034M $aIllustrationen, Porträts, Karten 037A $aQuellen- und Literaturverzeichnis Seite 277-304 044K $qBVB $#Pernštejna$#Pernštejnové $7119462885 $8$PPernstein$cvon$lFamilie : 1100-1631 [Tp1] $9087802600 044K $qBVB $REuropa $#Mitteleuropa $#Mitteleuropa $#Mitteleuropa $#Zentraleuropa $#Central Europe Mitteleuropa $74039677-0 $8Mitteleuropa [Tg1] $9085108464 044K $qBVB $RÖsterreich $RUngarn $#Österreich-Ungarn $#Österreich-Ungarn $#Österreichisch-Ungarische Monarchie $#Donaumonarchie $#Doppelmonarchie $#Habsburgerreich 1867-1918 $#Habsburgisches Reich 1867-1918 $#Habsburgermonarchie 1867-1918 $#Osztrák-Magyar Birodalom $#Monarchie Austro-Hongroise $#Empire Austro-Hongrois $#Austria-Hungary $#Austrian-Hungarian Monarchy $#Austrian-Hungarian Empire $#Austria-Hungría $#Austria-Ungheria $#Monarchia Austro-Ungarica $#Austro-We̜gry $#Österreich-Ungarische Monarchie $#Österreichisch-Ungarisches Reich $#Osztrák-Magyar Monarchia $#Autriche-Hongrie $74075613-0 $8Österreich-Ungarn [Tg1] $9085213861 045F $a306.0943709031 $eDDC22BSB 045F/01 $a306.09 045F/03 $f09031 045F/03 $g437 045G $a909 $eDDC22BSB 045G/01 $a909 045G/03 $f09031 045G/03 $g437 045T $aOST $qDE-12 $2FID 046L $aText tschechisch, teilweise deutsch ; Zusammenfassung in englischer Sprache lok: 52557179 24 exp: 52557179 24 1 #EPN 201B/01 $027-01-25 $t15:56:16.000 201C/01 $025-09-24 201U/01 $0utf8 203@/01 $01274912032 208@/01 $a27-01-25 $bz 209A/01 $a24.06515 $du $f050 $h24 06515 $x00 209C/01 $a24.06515 K $h24 06515 K 209G/01 $a74792790 $x00 220C/01 $akon 247C/01 $8358050-7 Marburg, Bibliothek des Herder-Instituts Marburg $9102600961 lok: 52557179 78 exp: 52557179 78 1 #EPN 201B/01 $012-02-26 $t15:09:50.000 201C/01 $012-02-26 201U/01 $0utf8 203@/01 $01335203745 208@/01 $a12-02-26 $be 209A/01 $a/ $f000 $x00 209A/01 $ab*p $x01 220C/01 $apgar 244Z/01 $#Böhmische Kronländer $#Länder der Böhmischen Krone $#Sudetenland $#Böhmen $#Mähren $#Mährisch-Schlesien $#Österreichisch-Schlesien $#Tschechische Sozialistische Republik Böhmische Länder $#Tschechei Böhmische Länder $#Země koruny české $74069573-6 $8--Tg1--Böhmische Länder $x03 $9085195553 247C/01 $82080>Marburg/Lahn, Herder-Institut, Forschungsbibliothek, Bibliographieportal $9336309341
| LEADER | 00000cam a2200000 c 4500 | ||
|---|---|---|---|
| 001 | 525571795 | ||
| 003 | DE-603 | ||
| 005 | 20251204221745.0 | ||
| 007 | tu | ||
| 008 | 250127s2023 xx |||| | u00||u|cze c | ||
| 020 | |a 9788074656330 | ||
| 035 | |a (DE-599)BVBBV049760384 | ||
| 040 | |a DE-603 |b ger |c DE-603 |d DE-603 |e rda | ||
| 041 | |a cze |a ger | ||
| 082 | 0 | 4 | |8 1\u |a 306.0943709031 |q DE-101 |2 22/BSB |
| 083 | 0 | |8 2\u |a 909 |q DE-101 |2 22/BSB | |
| 084 | |a OST |q DE-12 |2 fid | ||
| 085 | |8 1\u |b 306.09 | ||
| 085 | |8 1\u |z 1 |s 09031 | ||
| 085 | |8 1\u |z 2 |s 437 | ||
| 085 | |8 2\u |b 909 | ||
| 085 | |8 2\u |z 1 |s 09031 | ||
| 085 | |8 2\u |z 2 |s 437 | ||
| 100 | 1 | |a Marek, Pavel |d 1949- |e Verfasser |4 aut |0 (DE-603)186017758 |0 (DE-588)13288920X |2 gnd | |
| 245 | 0 | 0 | |a Pernštejnové v evropských dějinách |b = The house of Pernstein in European history |c Pavel Marek, Petr Vorel a kol. |
| 264 | 1 | |a Červený Kostelec |b Pavel Mervart |c 2023 | |
| 300 | |a 327 Seiten |b Illustrationen, Porträts, Karten |c 24 cm | ||
| 336 | |a Text |b txt |2 rdacontent | ||
| 337 | |a ohne Hilfsmittel zu benutzen |b n |2 rdamedia | ||
| 338 | |a Band |b nc |2 rdacarrier | ||
| 500 | |a Quellen- und Literaturverzeichnis Seite 277-304 | ||
| 546 | |a Text tschechisch, teilweise deutsch ; Zusammenfassung in englischer Sprache | ||
| 600 | 3 | 7 | |a Pernstein von |c Familie : 1100-1631 |0 (DE-588)119462885 |0 (DE-603)087802600 |2 gnd |
| 651 | 7 | |a Mitteleuropa |0 (DE-588)4039677-0 |0 (DE-603)085108464 |2 gnd | |
| 651 | 7 | |a Österreich-Ungarn |0 (DE-588)4075613-0 |0 (DE-603)085213861 |2 gnd | |
| 700 | 1 | |a Vorel, Petr |d 1963- |e Verfasser |4 aut |0 (DE-603)194965333 |0 (DE-588)133918637 |2 gnd | |
| 856 | 4 | 2 | |m V:DE-603;B:DE-Mb50 |q application/pdf |u http://scans.hebis.de/HEBCGI/show.pl?52557179_toc.pdf |3 Inhaltsverzeichnis |
| 856 | 4 | 2 | |m V:DE-603;B:DE-Mb50 |q application/pdf |u http://scans.hebis.de/HEBCGI/show.pl?52557179_bib.pdf |3 Buch Bibliographie |
| 856 | 4 | 2 | |m V:DE-603;B:DE-Mb50 |q application/pdf |u http://scans.hebis.de/HEBCGI/show.pl?52557179_cov.pdf |3 Cover |
| 856 | 4 | 2 | |m V:DE-603;B:DE-Mb50 |q application/pdf |u http://scans.hebis.de/HEBCGI/show.pl?52557179_sum.pdf |3 Abstract |
| 924 | 0 | |9 Mb 50 |a (DE-603)1274912032 |b DE-Mb50 |c HES |d c |g 24.06515 | |
| 924 | 0 | |9 2080 |a (DE-603)1335203745 |b DE-2080 |c HES |d d |g / | |


